000 00757cab a2200229 4500
001 WB3332-30
008 090401t1997 xxu||||| |||| 00| 0 eng d
035 _a(Sirsi) u80290
041 _aeng
245 _aEstate agencies tempt solicitors
260 _c1997
350 _a0
490 _aProperty Week
_v60(8) 15 August 1997, 15(1)
520 _aMore than 200 firms of solicitors are considering opening estate agencies now that the Law Society has relaxed its rules about acting for both housebuyers and sellers.
650 _aESTATE AGENCIES
650 _aLAW SOCIETY
650 _aSOLICITORS PROPERTY CENTRES
650 _aSOLICITORS
690 _aMANAGEMENT-BUSINESS MANAGEMENT-PROFESSIONAL PRACTICE
942 _n0
948 _c15/08/1997
999 _c50555
_d50555